| 000 | 00393nam a2200169Ia 4500 | ||
|---|---|---|---|
| 005 | 20250423101056.0 | ||
| 008 | 250422s9999 xx 000 0 und d | ||
| 020 | _a0- 619- 15978- 2 | ||
| 050 | _aQA 76.9.A73 .B87/ | ||
| 100 | _aStephen D. Burd | ||
| 245 | 0 | _aSystems architecture | |
| 250 | _a4th ed. | ||
| 260 | _bCourse technology | ||
| 260 | _c2003 | ||
| 300 | _a638 p | ||
| 942 | _cBK | ||
| 999 |
_c35211 _d35211 |
||